Loading...
| Current Events | 2 | 15.00 | 100% | 50% | 0% |
| Fine Arts - Classical Music | 9 | 16.67 | 100% | 56% | 11% |
| Fine Arts - Other Fine Arts | 11 | 15.45 | 91% | 46% | 18% |
| Fine Arts - Painting and Sculpture | 8 | 18.75 | 100% | 50% | 38% |
| Geography | 3 | 10.00 | 100% | 0% | 0% |
| History - American History | 9 | 16.67 | 100% | 56% | 11% |
| History - European History | 7 | 17.14 | 100% | 57% | 14% |
| History - Other History | 8 | 12.50 | 88% | 25% | 13% |
| History - World History | 9 | 12.22 | 100% | 22% | 0% |
| Literature - American Literature | 7 | 22.86 | 100% | 86% | 43% |
| Literature - British Literature | 9 | 13.33 | 100% | 33% | 0% |
| Literature - European Literature | 10 | 14.00 | 90% | 30% | 20% |
| Literature - World Literature | 10 | 12.00 | 90% | 30% | 0% |
| Mythology | 6 | 15.00 | 83% | 50% | 17% |
| Other Academic | 1 | 30.00 | 100% | 100% | 100% |
| Philosophy | 9 | 17.78 | 100% | 67% | 11% |
| Pop Culture | 2 | 10.00 | 100% | 0% | 0% |
| Religion | 5 | 10.00 | 100% | 0% | 0% |
| Science - Biology | 11 | 12.73 | 100% | 27% | 0% |
| Science - Chemistry | 9 | 10.00 | 78% | 11% | 11% |
| Science - Other Science | 9 | 11.11 | 78% | 22% | 11% |
| Science - Physics | 10 | 12.00 | 90% | 20% | 10% |
| Social Science | 9 | 21.11 | 100% | 89% | 22% |